000 00469nam a2200193Ia 4500
005 20250123025438.0
008 240331s9999 xx 000 0 und d
020 _a0415905338
082 _bLUK
_23803
_a305.4
245 0 _aFeminisms and Critical Pedagogy
260 _aNew York
_aLondon
_bRoutledge
_c1992
300 _axi, 220 p.,
650 _aFeminism
650 _aWomen
650 _aPolitics
700 _aLuke, C
_eedt
700 _aGore, J
_eedt
942 _cL
999 _c1649
_d1649